000 00418cam a2200181 4500
001 D1278
008 090401t1973 xxu||||| |||| 00| 0 eng d
035 _a(Sirsi) u63335
041 _aeng
050 _a624
100 _aBarry, Benjamin Austin
245 _aConstruction measurements
260 _aN.Y.
_bJohn Wiley and Sons
_c1973
300 _a304p. ill
350 _a8.05
942 _n0
948 _c04/03/1997
999 _c94533
_d94533